Clubs de foot : quel pays ? - Statistiques

Statistiques générales
  • Ce quiz a été pris 124 fois
  • Le résultat moyen est 10 sur 20
Statistiques - réponses
Football team Country % Correct
Santos Brésil
97%
Maccabi Haifa Israël
89%
Qarabag Azerbaïdjan
75%
Sheriff Tiraspol Moldavie
74%
Zulte Waregem Belgique
70%
Kaizer Chiefs Afrique du Sud
68%
Shimizu S-Pulse Japon
67%
Admira Wacker Autriche
54%
Tianjin Jinmen Tiger Chine
54%
MAS Fez Maroc
53%
Millonarios Colombie
49%
Persatuan Sepakbola Kota Padang Sidempuan Indonésie
40%
FK Ventspils Lettonie
38%
Progrès Niederkorn Luxembourg
37%
Ittihad El-Shorta Egypte
31%
Mackay & Whitsundays Magpies Crusaders United Australie
30%
Khan Research Laboratories Pakistan
13%
Rapperswil-Jona Suisse
13%
Aluminium Hormozgan Iran
9%
Rhino Rangers Tanzanie
8%
Aucun quiz correspondant
Distribution des résultats
% des personnes avec chaque résultat
Percentile par nombre de réponses
Votre historique - résultats
Vous n’avez pas pris ce quiz